| 000 | 00671nam a2200181Ia 4500 | ||
|---|---|---|---|
| 003 | GCL | ||
| 008 | 140319s9999 xx 000 0 ara d | ||
| 040 |
_aGCL / _cGCL |
||
| 082 | 0 | 4 |
_a345.04 _bم ح |
| 100 | 1 | _aمحمد عيد الغريب | |
| 245 | 1 | 0 |
_aالحماية الجنائية للنظام العام فى العقود المدنية فى القانون المصرى الفرنسى / _cمحمد عيد الغريب |
| 260 |
_a[S.N] : _bلجنة الاعلام والدراسات المستقبلية ، _c1987 |
||
| 490 | _a | ||
| 650 | 0 | 4 | _aالقانون |
| 650 | 0 | 4 | _aقانون العقوبات |
| 650 | 0 | 4 | _aالقانون العام |
| 942 |
_2ddc _cBK |
||
| 999 |
_c55122 _d55122 |
||